| 000 -LEADER |
| fixed length control field |
00477nam a22001697a 4500 |
| 008 - FIXED-LENGTH DATA ELEMENTS--GENERAL INFORMATION |
| fixed length control field |
201229b ||||| |||| 00| 0 eng d |
| 020 ## - INTERNATIONAL STANDARD BOOK NUMBER |
| International Standard Book Number |
9789350040638 |
| 082 ## - DEWEY DECIMAL CLASSIFICATION NUMBER |
| Classification number |
670.285 |
| Item number |
TIC |
| 100 ## - MAIN ENTRY--PERSONAL NAME |
| Personal name |
Tickoo, Sham |
| 245 ## - TITLE STATEMENT |
| Title |
CATIA V5R20 for designers |
| 260 ## - PUBLICATION, DISTRIBUTION, ETC. (IMPRINT) |
| Place of publication, distribution, etc |
New Delhi |
| Name of publisher, distributor, etc |
Dreamtech Press |
| Date of publication, distribution, etc |
2011 |
| 300 ## - PHYSICAL DESCRIPTION |
| Extent |
xvii, I-9p. |
| 650 ## - SUBJECT ADDED ENTRY--TOPICAL TERM |
| Topical term or geographic name as entry element |
Computer-aided engineering |
| 650 ## - SUBJECT ADDED ENTRY--TOPICAL TERM |
| Topical term or geographic name as entry element |
Computer-aided design |
| 650 ## - SUBJECT ADDED ENTRY--TOPICAL TERM |
| Topical term or geographic name as entry element |
Computer-aided engineering--Computer programs |
| 942 ## - ADDED ENTRY ELEMENTS (KOHA) |
| Item type |
Books |